000
00299nam a22001337a 4500
082
_a
823
_b
JAI/H
100
_a
JAIN, KULDEEP
245
_a
HANSEL& GRETEL
246
_a
HANSEL& GRETEL
_b
HANSEL& GRETEL
260
_a
NEW DELHI
_b
PEGASUS
_c
2025
300
_a
16
650
_a
ENGLISH FICTION
942
_c
BK
999
_c
9154
_d
9154